000
00274nam a2200109Ia 4500
008
230907s9999||||xx |||||||||||||| ||und||
082
_a
629.287
_b
MAY
245
0
_a
Automotive mechanics 2 /
260
_a
McGraw-Hill,
_b
Sydney :
_c
2014
300
_a
vol.2; 671 p.
942
_c
BK
999
_c
600773
_d
600773